Štátny dlh narastá
Vývoj štátneho dlhu slovenskej ekonomiky v rokoch 1993-2000. Prehľad splátok súčasného dlhu v období 2001-2004.
Gespeichert in:
| 1. Verfasser: | |
|---|---|
| Format: | Buchkapitel |
| Sprache: | Slowakisch |
| Schlagworte: | |
| Tags: |
Keine Tags, Fügen Sie das erste Tag hinzu!
|
MARC
| LEADER | 00000naa a2200000 4500 | ||
|---|---|---|---|
| 001 | r040684 | ||
| 005 | 20230920072645.3 | ||
| 041 | 0 | |a slo | |
| 044 | |a SK | ||
| 245 | 1 | 0 | |a Štátny dlh narastá |c Marianna Onuferová |
| 520 | |a Vývoj štátneho dlhu slovenskej ekonomiky v rokoch 1993-2000. Prehľad splátok súčasného dlhu v období 2001-2004. | ||
| 610 | 2 | 0 | |a dlhy štátne |
| 610 | 2 | 0 | |a deficit rozpočtový |
| 610 | 2 | 0 | |a splátky |
| 610 | 2 | 0 | |a rozpočet štátny |
| 610 | 2 | 0 | |a privatizácia |
| 610 | 2 | 0 | |a Slovensko |
| 100 | 1 | |a Onuferová, Marianna | |